Sistemas eléctricos de gran potencia
Gorde:
| Egile nagusia: | |
|---|---|
| Formatua: | Liburua |
| Hizkuntza: | gaztelania |
| Argitaratua: |
Barcelona
Reverté
1982
|
| Gaiak: | |
| Etiketak: |
Etiketa erantsi
Etiketarik gabe, Izan zaitez lehena erregistro honi etiketa jartzen!
|
MARC
| LEADER | 00000nam a2200000 a 4500 | ||
|---|---|---|---|
| 001 | UCK2689 | ||
| 003 | CL-VaPUC | ||
| 008 | 050311e19820000SP |||||||||||||||||spa|d | ||
| 020 | |a 8429130942 | ||
| 082 | 0 | 4 | |a 621.3191 |b WEE |2 21 |
| 100 | 0 | |a Weedy, B. M |e author |9 490578 | |
| 245 | 1 | 0 | |a Sistemas eléctricos de gran potencia |
| 300 | |a 525 p | ||
| 942 | |c BK | ||
| 945 | |d 20050311 00:00:00 |a cmena | ||
| 260 | |a Barcelona |b Reverté |c 1982 | ||
| 650 | 0 | |a Sistemas de energía eléctrica |9 462427 | |
| 650 | 0 | |a Transmisión de energía eléctrica |9 263497 | |
| 650 | 7 | |a POTENCIA ELECTRICA |2 CL-VaPUC |9 345463 | |
| 650 | 0 | |a Circuitos eléctricos |9 260262 | |
| 650 | 0 | |a Conductores eléctricos |9 263132 | |
| 583 | |a last modification |c 20050311 00:00:00 |k Rodrigo Vera | ||
| 999 | |c 312119 |d 312117 | ||
| 952 | |0 0 |1 0 |2 ddc |4 0 |6 621_319100000000000_WEE_1982 |7 0 |8 A |9 382002 |a BIBING |b BIBING |c RES |d 2019-11-21 |i 4098137 |o 621.3191 WEE 1982 |p 4098137 |r 2025-01-20 |w 2019-11-21 |y BK |k EIE | ||